<?xml version="1.0" encoding="UTF-8"?>
<record
    xmlns:xsi="http://www.w3.org/2001/XMLSchema-instance"
    xsi:schemaLocation="http://www.loc.gov/MARC21/slim http://www.loc.gov/standards/marcxml/schema/MARC21slim.xsd"
    xmlns="http://www.loc.gov/MARC21/slim">

  <leader>00669nam a22001937a 4500</leader>
  <datafield tag="999" ind1=" " ind2=" ">
    <subfield code="c">172098</subfield>
    <subfield code="d">172098</subfield>
  </datafield>
  <controlfield tag="005">20200127164653.0</controlfield>
  <datafield tag="010" ind1=" " ind2=" ">
    <subfield code="a">A-412380</subfield>
  </datafield>
  <datafield tag="020" ind1=" " ind2=" ">
    <subfield code="c">30.00</subfield>
  </datafield>
  <datafield tag="035" ind1=" " ind2=" ">
    <subfield code="a">A-412380</subfield>
  </datafield>
  <datafield tag="037" ind1=" " ind2=" ">
    <subfield code="b">BPPD/Pub.</subfield>
  </datafield>
  <datafield tag="082" ind1=" " ind2=" ">
    <subfield code="a">840.08</subfield>
  </datafield>
  <datafield tag="100" ind1=" " ind2=" ">
    <subfield code="a">&#x645;&#x62D;&#x645;&#x62F; &#x62E;&#x627;&#x644;&#x62F; &#x627;&#x642;&#x628;&#x627;&#x644; &#x635;&#x6CC;&#x62F; &#x6CC;&#x642;&#x6CC;</subfield>
  </datafield>
  <datafield tag="245" ind1=" " ind2=" ">
    <subfield code="a">&#x645;&#x648;&#x644;&#x627;&#x646;&#x627; &#x645;&#x62D;&#x645;&#x62F; &#x62D;&#x633;&#x6CC;&#x646; &#x622;&#x632;&#x627;&#x62F; &#x6A9;&#x6CC; &#x62A;&#x646;&#x642;&#x6CC;&#x631; &#x646;&#x6AF;&#x627;&#x631;&#x6CC; /</subfield>
    <subfield code="c">&#x645;&#x62D;&#x645;&#x62F; &#x62E;&#x627;&#x644;&#x62F; &#x627;&#x642;&#x628;&#x627;&#x644; &#x635;&#x6CC;&#x62F; &#x6CC;&#x642;&#x6CC;</subfield>
  </datafield>
  <datafield tag="246" ind1=" " ind2=" ">
    <subfield code="a">Maulana Mohammed Azad ki Tanqir Nigari (Urdu) /</subfield>
    <subfield code="b">by Mohammad Khalid Iqbal Siddiqui</subfield>
  </datafield>
  <datafield tag="260" ind1=" " ind2=" ">
    <subfield code="a">Bhopal</subfield>
    <subfield code="b">Bhopal Book House</subfield>
    <subfield code="c">1989 &#x621;</subfield>
  </datafield>
  <datafield tag="270" ind1=" " ind2=" ">
    <subfield code="a">-</subfield>
    <subfield code="b">-</subfield>
    <subfield code="e">-</subfield>
  </datafield>
  <datafield tag="300" ind1=" " ind2=" ">
    <subfield code="a">259p.</subfield>
    <subfield code="c">20cm(Hb)     </subfield>
  </datafield>
  <datafield tag="942" ind1=" " ind2=" ">
    <subfield code="2">ddc</subfield>
    <subfield code="c">UR</subfield>
    <subfield code="h">840.08</subfield>
    <subfield code="m">&#x645; &#x62D; &#x645;</subfield>
  </datafield>
  <datafield tag="952" ind1=" " ind2=" ">
    <subfield code="0">0</subfield>
    <subfield code="1">0</subfield>
    <subfield code="4">0</subfield>
    <subfield code="7">0</subfield>
    <subfield code="8">NFIC</subfield>
    <subfield code="a">L</subfield>
    <subfield code="b">L</subfield>
    <subfield code="d">2020-01-27</subfield>
    <subfield code="e">BPPD/Ven.</subfield>
    <subfield code="g">30.00</subfield>
    <subfield code="l">0</subfield>
    <subfield code="o">840.08 &#x645; &#x62D; &#x645;</subfield>
    <subfield code="p">A-412380</subfield>
    <subfield code="r">2020-01-27 00:00:00</subfield>
    <subfield code="t">1</subfield>
    <subfield code="v">30.00</subfield>
    <subfield code="w">2020-01-27</subfield>
    <subfield code="y">UR</subfield>
  </datafield>
</record>
